| 000 | 00554nam a22001697a 4500 | ||
|---|---|---|---|
| 005 | 20231027101806.0 | ||
| 008 | 231027b |||||||| |||| 00| 0 eng d | ||
| 041 | _aEnglish | ||
| 082 | _a349 MAA | ||
| 100 |
_aMaasdorp, AFS _lEnglish |
||
| 245 |
_aMaasdorp's Institutes of South African Law : _bThe Law of Persons / _cAFS Maasdorp |
||
| 250 | _aNinth Edition | ||
| 260 |
_aCape Town : _bJuta and Company Ltd, _c1968 |
||
| 300 |
_bxxx, 260 pages ; _c23 cm. _e4 Volumes |
||
| 650 |
_aLegal practice _bLaw |
||
| 942 |
_cBK _6ALISON_BN_VRIES |
||
| 999 |
_c111 _d111 |
||